| 000 | 00497nam a2200181Ia 4500 | ||
|---|---|---|---|
| 999 |
_c29625 _d29625 |
||
| 003 | OSt | ||
| 005 | 20201221121855.0 | ||
| 008 | 190216s9999||||xx |||||||||||||| ||und|| | ||
| 020 | _a9788126419340 | ||
| 040 | _coclc | ||
| 082 |
_a894.8121 _bPOO/P |
||
| 100 |
_aPoonthanam _97726 |
||
| 245 | 0 |
_aPoonthanam Krithikal / _cPoonthanam |
|
| 260 |
_bD C Books, _c2010. _aKottayam: |
||
| 300 | _a258p | ||
| 650 | _aKavithkal | ||
| 942 |
_cBK _2ddc _h894.8121 _iPOO/P _k894.8121 _mPOO/P |
||